| 000 | 01268nam a22002057a 4500 | ||
|---|---|---|---|
| 001 | 9088 | ||
| 003 | FISKH | ||
| 005 | 20260206124804.0 | ||
| 008 | 251119b cb ||||| |||| 00| 0 eng d | ||
| 020 | _a9781316509159 | ||
| 040 |
_aFISKH _beng _cFISKH _dFISKH |
||
| 082 | _a510.76 | ||
| 100 | _aMoseley, Cherri | ||
| 245 |
_aCambridge Primary Mathematics : _bSkills Builder 3 / _cBy Cherri Moseley and Janet Rees |
||
| 260 |
_aCambridge : _bCambridge University Press , _c2016. |
||
| 300 |
_a95 pages : _billustrations ; _c28 cm . |
||
| 520 | _aCambridge Primary Mathematics is a flexible and engaging course written specifically for Cambridge Primary Mathematics Curriculum Stages 1 to 6. The course offers a discussion-led approach with problem-solving integrated throughout. The language is pitched to ESL learners with illustrations to support visual understanding. Skills Builders provide consolidation activities for children who need extra learning opportunities to meet the standard for success. A full range of activities is provided to help raise a child's mathematical understanding and performance to match their peers, with teacher/parental guidance on key mathematical methods and concepts before each exercise | ||
| 942 |
_2ddc _cBK _n0 |
||
| 999 |
_c9088 _d9088 |
||